000 00860nas a2200301 4500
001 BR8403433
003 BR-BrBNA
005 20231205085942.0
007 ta
008 230509b bl.|||p| |||| 00| 00por d
040 _aBR-BrBNA
_bpor
_cBiblioteca Nacional de Agricultura
041 _a(Pt)
072 _aF25; H60
100 1 _aVasconcellos, C.A.
100 1 _aSantos, H.L. dos
100 1 _aFranca, G.E. de
100 1 _aSilva, J.B. da
100 1 _aSilva, A.F. da
245 1 _aMilho: uma cultura basica [Zea mays, calagem, adubacao, erva daninha]
650 _aMILHO
650 _aPRODUCAO VEGETAL
650 _aADUBACAO
650 _aCALAGEM
650 _aERVA DANINHA
773 0 _tBalde Branco (Brazil)
_xISSN 0005-4275
_g(Feb 1984), v. 18(232) p. 6-11
_wBR8403433
909 _a202311
_bLúcia
_c55
_dLúcia Elande
942 _2AGRIS
_n0
_cANA
999 _c115063
_d115063